Получение гранулированного серозолобитумного вяжущего для ремонта дорожных покрытий; Высокие технологии в современной науке и технике (ВТСНТ-2017)

Xehetasun bibliografikoak
Parent link:Высокие технологии в современной науке и технике (ВТСНТ-2017).— 2017.— [С. 235-236]
Egile nagusia: Бедрицкая У. В.
Erakunde egilea: Национальный исследовательский Томский политехнический университет (ТПУ) Институт физики высоких технологий (ИФВТ) Кафедра общей химии и химической технологии (ОХХТ)
Beste egile batzuk: Доржиева А. Б. (научный руководитель), Анненков А. И., Фролова И. В. Ирина Владимировна
Gaia:Заглавие с титульного экрана
Hizkuntza:errusiera
Argitaratua: 2017
Saila:Рациональное использование минеральных и водных ресурсов
Gaiak:
Sarrera elektronikoa:http://earchive.tpu.ru/handle/11683/45377
Formatua: Baliabide elektronikoa Liburu kapitulua
KOHA link:https://koha.lib.tpu.ru/cgi-bin/koha/opac-detail.pl?biblionumber=625489

MARC

LEADER 00000naa2a2200000 4500
001 625489
005 20231101133350.0
035 |a (RuTPU)RU\TPU\conf\24749 
035 |a RU\TPU\conf\24743 
090 |a 625489 
100 |a 20171214d2017 k y0rusy50 ca 
101 0 |a rus 
102 |a RU 
105 |a y z 101zy 
135 |a drcn ---uucaa 
181 0 |a i  
182 0 |a b 
200 1 |a Получение гранулированного серозолобитумного вяжущего для ремонта дорожных покрытий  |f У. В. Бедрицкая, А. Б. Доржиева, А. И. Анненков  |g науч. рук. И. В. Фролова 
203 |a Текст  |c электронный 
225 1 |a Рациональное использование минеральных и водных ресурсов 
230 |a 1 компьютерный файл (pdf; 472 Kb) 
300 |a Заглавие с титульного экрана 
320 |a [Библиогр.: с. 236 (4 назв.)] 
463 1 |0 (RuTPU)RU\TPU\conf\24481  |t Высокие технологии в современной науке и технике (ВТСНТ-2017)  |o сборник научных трудов VI Международной научно-технической конференции молодых ученых, аспирантов и студентов, г. Томск, 27–29 ноября 2017 г.  |f Национальный исследовательский Томский политехнический университет (ТПУ) ; под ред. А. Н. Яковлева  |v [С. 235-236]  |d 2017 
610 1 |a электронные ресурсы 
610 1 |a труды учёных ТПУ 
610 1 |a ТЭЦ 
610 1 |a золы 
610 1 |a сера 
610 1 |a битумные эмульсии 
610 1 |a дисперсные материалы 
700 1 |a Бедрицкая  |b У. В. 
701 1 |a Доржиева  |b А. Б. 
701 1 |a Анненков  |b А. И. 
702 1 |a Фролова  |b И. В.  |c химик-технолог  |c доцент Томского политехнического университета, кандидат технических наук  |f 1976-  |g Ирина Владимировна  |2 stltpush  |4 727 
712 0 2 |a Национальный исследовательский Томский политехнический университет (ТПУ)  |b Институт физики высоких технологий (ИФВТ)  |b Кафедра общей химии и химической технологии (ОХХТ)  |h 7617  |2 stltpush  |3 (RuTPU)RU\TPU\col\21253 
801 2 |a RU  |b 63413507  |c 20171220  |g RCR 
856 4 |u http://earchive.tpu.ru/handle/11683/45377 
942 |c BK